00426nam a2200109Ia 4500082001200000100001400012245011800026260006300144300000800207504003900215650006200254 aRM.0289 aMurty, S. 0aSocio economic participation of women in informal sector: an empirical study of Ujjain district of Madhya Pradesh bIndian Council of Social Science Research, New Delhic2005 a137 aincludes bibliography and appendix aWomen in informal sectorzMadhya PradeshzUjjain District